000 00381nam a2200169Ia 4500
003 0STCL
008 150530s9999 xx 000 0 und d
040 _aSTCL
_cSTCL
100 _aRamkumar Bharmar
245 _aChambal Ki Rattakatha
260 _bNational; Delhi
_c0
_aDelhi
300 _a0
546 _aHindi
942 _2ddc
_cBK
999 _c63503
_d63503
005 20220125171226.0